000 00479nam a2200181 a 4500
001 1771067063453
003 YourLibrary
005 20260214163805.0
008 260214s2008##################000#0#eng##
020 _a9780737732696
082 0 4 _a306.70835
_bNEL
100 1 _aNelson, David Erik,
_eauthor.
245 1 0 _aTeens and Sex :
260 _bGreenhaven Press, Incorporated,
_c2008.
650 0 _aTeenagers.
942 _cENGLISH
040 _aYourLibrary
_beng
_cYourLibrary
999 _c612528
_d612528